|
|
|
|
| LEADER |
00000nam0a2200000 4500 |
| 001 |
61930 |
| 005 |
20231031062902.0 |
| 035 |
|
|
|a (RuTPU)RU\TPU\book\65606
|
| 090 |
|
|
|a 61930
|
| 100 |
|
|
|a 20040329d1982 k y0rusy50 ca
|
| 101 |
0 |
|
|a rus
|
| 102 |
|
|
|a UA
|
| 105 |
|
|
|a a z 001zy
|
| 200 |
1 |
|
|a Теория R-функций и некоторые ее приложения
|f В. Л. Рвачев
|g Академия наук Украинской ССР. Институт проблем машиностроения
|
| 210 |
|
|
|a Киев
|c Наукова думка
|d 1982
|
| 215 |
|
|
|a 551 с.
|c ил.
|
| 320 |
|
|
|a Библиогр.: с. 535-543.
|
| 320 |
|
|
|a Предметный указатель: с. 546-548.
|
| 610 |
1 |
|
|a алгебра логики
|
| 610 |
1 |
|
|a функции
|
| 610 |
1 |
|
|a аналитическая геометрия
|
| 610 |
1 |
|
|a математическое программирование
|
| 610 |
1 |
|
|a математическая физика
|
| 610 |
1 |
|
|a краевые задачи
|
| 610 |
1 |
|
|a решения
|
| 675 |
|
|
|a 517.5
|v 3
|
| 700 |
|
1 |
|a Рвачев
|b В. Л.
|g Владимир Лонгвинович
|
| 712 |
0 |
2 |
|a Академия наук Украинской ССР (АН УССР)
|b Институт проблем машиностроения им. А. Н. Подгорного (ИПМаш)
|c (Харьков)
|2 stltpush
|3 (RuTPU)RU\TPU\col\11523
|
| 801 |
|
1 |
|a RU
|b 63413507
|c 20040329
|g PSBO
|
| 801 |
|
2 |
|a RU
|b 63413507
|c 20201202
|g PSBO
|
| 942 |
|
|
|c BK
|